Obras escogidas / (Registro nro. 7923)

Detalles MARC
000 -LIDER
fixed length control field 01311nam a2200349 a 4500
001 - NÚMERO DE CONTROL
Identificador de número de control 000008203
003 - IDENTIFICACDOR DE NÚMERO DE CONTROL
control field DO-SdBNP
005 - DATE AND TIME OF LATEST TRANSACTION
control field 20240220123330.0
008 - ELEMENTOS DE LONGITUD FIJA
fixed length control field 090915s2006 dr a 001 0 spa d
020 ## - ISBN
International Standard Book Number 9945020048
040 ## - FUENTE DE CATALOGACIÓN
Agencia que crea de manera original el registro DO-SdBNP
Idioma de catalogación spa
Agencia que realiza la transcripción BPMSU
082 ## - NÚMERO DE CLASIFICACIÓN DECIMAL DE DEWEY
Classification number PR868.2
Item number A594o 2006
Edition number 22
100 1# - ASIENTO PRINCIPAL -- NOMBRE PERSONAL
Nombre personal Angulo Guridi, Alejandro,
Fechas asociadas con el nombre 1823-1906
245 10 - MENCIÓN DE TITULO
Título Obras escogidas /
Mención de responsabilidad Alejandro Angulo Guridi ; editor Andrés Blanco Díaz.
260 ## - PUBLICACIÓN, DISTRIBUCIÓN, ETC. (PIE DE IMPRENTA)
Lugar de publicación, distribución, etc Santo Domingo :
Nombre del editor, distribuidor, etc. Archivo General de la Nación,
Fecha de publicación, distribución, etc 2006.
300 ## - DESCRIPCIÓN FÍSICA
Extensión 3 v. ;
Dimensiones 23 cm.
490 0# - MENCIÓN DE SERIES
Mención de serie Archivo General de la Nación,
Volume/sequential designation 22-24
500 ## - NOTA GENERAL
Nota general Incluye índice onomástico
504 ## - NOTA DE BIBLIOGRAFÍA, ETC.
Bibliography, etc Incluye referencias bibliográficas y notas al pie de las páginas
505 1# - NOTA DE CONTENIDO
Texto normalizado de contenido v. 1. Artículos.-- v.2 Ensayos.--v. 3. Epistolario
590 ## - NOTA LOCAL
Texto de la nota local Inventariado, 2022/VM
600 14 - ENCABEZAMIENTO DE MATERIA--NOMBRE PERSONAL
Nombre personal Angulo Guridi, Alejandro,
Fechas asociadas con el nombre 1823-1906
Subdivisión de forma colecciones de escritos
Materiales especificados
650 #4 - ENCABEZAMIENTO DE MATERIA--TEMÁTICO
Término temático o nombre geográfico como elemento de entrada Ensayos puertorriqueños
650 #4 - ENCABEZAMIENTO DE MATERIA--TEMÁTICO
Término temático o nombre geográfico como elemento de entrada Literatura puertorriqueña
651 #4 - ENCABEZAMIENTO DE MATERIA--NOMBRE GEOGRÁFICO
Nombre geográfico República Dominicana
Subdivisión cronológica 1844-1864
Subdivisión temática general Historia
651 #4 - ENCABEZAMIENTO DE MATERIA--NOMBRE GEOGRÁFICO
Nombre geográfico América Latina
Subdivisión temática general Política y gobierno
Subdivisión cronológica 1830-1948
700 1# - ASIENTO SECUNDARIO -- NOMBRE PERSONAL
Nombre personal Blanco Díaz, Andrés
Mención de responsabilidad ed.
700 z# - ASIENTO SECUNDARIO -- NOMBRE PERSONAL
Nombre personal Blanco D., Andrés
Forma completa del nombre (Blanco Díaz)
700 z# - ASIENTO SECUNDARIO -- NOMBRE PERSONAL
Nombre personal Díaz, Andrés Blanco
910 ## - VALIDACIÓN
Validación VMateo V.Control de calidad. BPMSU
942 ## - ADDED ENTRY ELEMENTS (KOHA)
Source of classification or shelving scheme Dewey Decimal Classification
Koha item type Libros
Existencias
Withdrawn status Lost status Source of classification or shelving scheme Damaged status Not for loan Collection code Home library Current library Date acquired Source of acquisition Full call number Barcode Date last seen Copy number Price effective from Koha item type Total Checkouts
    Dewey Decimal Classification     Colección Dominicana Biblioteca Pública Metropolitana Salomé Ureña Biblioteca Pública Metropolitana Salomé Ureña 11/10/2017 AGN BPMSU CD PR868.2 A594o 2006 BPMSU17110139 11/10/2017 v.1 11/10/2017 Libros  
    Dewey Decimal Classification     Colección Dominicana Biblioteca Pública Metropolitana Salomé Ureña Biblioteca Pública Metropolitana Salomé Ureña 11/10/2017 AGN BPMSU CD PR868.2 A594o 2006 BPMSU22020003 02/01/2022 v.3, e.2 11/10/2017 Libros  
    Dewey Decimal Classification     Colección Dominicana Biblioteca Pública Metropolitana Salomé Ureña Biblioteca Pública Metropolitana Salomé Ureña 11/10/2017 AGN BPMSU CD PR868.2 A594o 2006 BPMSU24020340 02/20/2024 v.2 11/10/2017 Libros